Speaking for ourselves (Record no. 172683)

MARC details
000 -LEADER
fixed length control field 00637nam a2200217Ia 4500
003 - CONTROL NUMBER IDENTIFIER
control field OSt
005 - DATE AND TIME OF LATEST TRANSACTION
control field 20250918193607.0
008 - FIXED-LENGTH DATA ELEMENTS--GENERAL INFORMATION
fixed length control field 210423s1995 xx 000 0 und d
040 ## - CATALOGING SOURCE
Transcribing agency AL
041 ## - LANGUAGE CODE
Language code of text/sound track or separate title English
082 ## - DEWEY DECIMAL CLASSIFICATION NUMBER
Classification number 305.4
Item number KANS
100 ## - MAIN ENTRY--PERSONAL NAME
Personal name Asha S Kanwar
9 (RLIN) 110357
245 ## - TITLE STATEMENT
Title Speaking for ourselves
Remainder of title : women and distance education in india
260 ## - PUBLICATION, DISTRIBUTION, ETC.
Place of publication, distribution, etc. New Delhi
Name of publisher, distributor, etc. Manohar Publications
Date of publication, distribution, etc. 1995
365 ## - TRADE PRICE
Price amount 350
Currency code INR
650 ## - SUBJECT ADDED ENTRY--TOPICAL TERM
Topical term or geographic name entry element Sociology
9 (RLIN) 110358
650 ## - SUBJECT ADDED ENTRY--TOPICAL TERM
Topical term or geographic name entry element Women Studies
9 (RLIN) 110359
700 ## - ADDED ENTRY--PERSONAL NAME
Personal name Jagannathan, Neela
9 (RLIN) 239467
906 ## - LOCAL DATA ELEMENT F, LDF (RLIN)
a distance ; education ; india ; ourselves:women ; Speaking
942 ## - ADDED ENTRY ELEMENTS (KOHA)
Source of classification or shelving scheme Dewey Decimal Classification
Koha item type Book
Holdings
Withdrawn status Lost status Damaged status Not for loan Collection code Home library Current library Date acquired Source of acquisition Cost, normal purchase price Total Checkouts Full call number Barcode Date last seen Price effective from Koha item type
        MSW St Aloysius PG Library St Aloysius PG Library 03/21/2002 Manohar Publication 350.00   305.4 KANS PG019237 08/24/2022 04/26/2021 Book